[Event "Olympiad-41"]
[Site "Tromsoe"]
[Date "2014.08.12"]
[Round "10.4"]
[White "Sutovsky, Emil"]
[Black "Miezis, Normunds"]
[Result "1-0"]
[WhiteElo "2624"]
[BlackElo "2524"]
[Annotator "Sutovsky,E"]
[PlyCount "103"]
[EventDate "2014.08.02"]
[EventType "team-swiss"]
[EventRounds "11"]
[EventCountry "NOR"]
[SourceTitle "CBM 162"]
[Source "ChessBase"]
[SourceDate "2014.09.17"]
[SourceVersion "1"]
[SourceVersionDate "2014.09.17"]
[SourceQuality "1"]
[WhiteTeam "Israel"]
[BlackTeam "Latvia"]
[WhiteTeamCountry "ISR"]
[BlackTeamCountry "LAT"]

{In the present game I had to face Grandmaster Miesis - for the first time
since our game in 1998. A lot of things have changed since our first meeting,
but some things remain constant in this world: I open with 1.e4 in 99% of my
games, whereas Normunds opts for his pet Paulsen system with (un)enviable
constancy...} 1. e4 c5 2. Nf3 e6 3. Nc3 a6 4. d4 cxd4 5. Nxd4 Qc7 {The most
principled. Back in 1998 I opted for 6.g3 , but even if my repertoire has not
undergone any major reconstruction throughout the years, I keep working on its
renovation all the time...} 6. Bd3 Nc6 {Miezis remains faithful to his
favourite system. The main line here is 6...Nf6, as played against me by
Ivanchuk and Istratescu among others.} 7. Nxc6 dxc6 8. f4 e5 9. O-O Nf6 10. Kh1
{That was played pretty quickly. Now Black has several options, but all of
them lead to more or less the same structure - White will eventually play
f4-f5, and Black gets a very solid position, with only one drawback - his king
has no safe place to hide. Short castling is almost always a taboo, and long
castling is hardly possible. Still, Miezis has a lot of experience in these
positions, and I had to delve into the position during my preparation, in
order to feel the nuances, as just knowing the +0.3 evaluation without having
in mind a clear plan is clearly insufficient in this type of positions.} h5 {
A typical move for this structure. Black prevents g2-g4, and sometimes is
ready to continue with h5-h4-h3 (or ...Nh5). However, White can slowly bring
the pieces in, and then the insecurity of the black king will tell...} 11. Qf3
Bd6 12. f5 b6 {A cautious move. Another option was} (12... b5 {but after} 13.
a4 Bb7 14. axb5 axb5 15. Rxa8+ Bxa8 16. Nd1 {Black's position is not viable.
White can build up the pressure with Bg5, Ne3 (Nf2), Ra1, whereas Black has
just to defend passively.}) 13. Qg3 Kf8 14. Bg5 Be7 (14... Bb7 {was the move I
expected during the game. But now White has a pleasant choice:} 15. Nd1 {
and then Ne3, Qh4 - Black will definitely not enjoy this game...} (15. Bxf6
gxf6 16. Qh4 Be7 17. Rad1 {Probably, Normunds disliked this one, but I
intended to regroup without taking on f6.})) 15. Nb1 {Nice-looking, but rather
typical. In fact, it was not easy to decide, whether Nd1 or Nb1 is to be
preferred. Both seemed good, and in fact both ARE good.} Bb7 16. Nd2 Ng4 {
Black has to try and trade some pieces - but I was ready to meet that. In
general, it has to be said, that White's play is very simple here, the only
problem is having to choose between some tempting continuations.} 17. Bxe7+
Qxe7 18. Nc4 b5 19. Na5 Re8 {And here I had to make a serious choice indeed.
Of course, 20.a4 was just asking to be played, but I decided to keep it
classically simple. Objectively I did not choose the strongest option, but I
just felt it would be very difficult for Black to regroup and bring his
h8-rook into play.} 20. Nxb7 Qxb7 21. Be2 Nf6 22. Qe3 Rh6 (22... Kg8 {was the
move I considered to be the strongest defence. But here too White is clearly
better after} 23. Rad1 (23. Bf3) 23... Kh7 24. Bf3 Qe7 (24... Rd8 25. Bxh5 $1
Nxh5 26. Qg5 $18) 25. c3 $1 {Black has managed to regroup somehow, but his
position is still unpleasant - White's queen is very powerful and the threats
of Qe3-b6 and Qe3-g5 are always there. Although his position is tenable with
really precise play, Black feels himself somewhat like Taimanov here. Even if
yours truly is not Fischer :)} (25. Qg5 Rd8 26. Bxh5 Rxd1 27. Rxd1 Rd8 {
and Black has enough counterplay.}) (25. Qb6 Qb4)) 23. Rad1 Qe7 24. Rd3 Qb4 {
That looks a bit disturbing, but I wasn't worried - Black's pieces are far
away, his king is insecure, so all the complications should favour White!} 25.
Bf3 Kg8 (25... Qxb2 26. Qc5+ Kg8 27. a3 $1 {and Black is in trouble. His queen
is in immediate danger, and his pawns are about to be snatched.}) 26. b3 (26.
a3 {was another move I considered, but I didn't want to push him back to the
best square. After 26...Qe7 Black is still alive}) 26... Qa3 27. Qd2 (27. Rfd1
$1 {was the strongest, and after} Qxa2 $2 (27... Qe7 {trying to hold is still
the best try}) 28. Qc5 {is just winning. The move in the game is not bad
either, but it still leaves Black some chances...}) 27... Qxa2 28. Qc3 Qa3 29.
Qxc6 Qb4 {Logical, but not good enough. The passive retreat - 29...Qf8 was his
only chance to stay in the game. But you can hardly expect such a move from a
human being...} 30. Rd6 Rf8 31. Qxa6 {Time to reap...} h4 32. Qc6 (32. h3 $4
Nxe4 $1) 32... Kh7 {A losing mistake in time trouble.} ({I considered only} 
32... h3 {and here both 33.gxh3 and 33.g3 leave White a big advantage. However,
now I could have finished the game on the spot.}) 33. Rd3 (33. h3 $1 {was
winning at once. The point is, that now he doesn't have ...Nh5 or ...Nxe4, as
I take on h6 with check! And without it, it is just over. I made a second best
move, which is also sufficient, but did require some precision towards the
time control.}) 33... Nh5 34. Qc3 (34. Qc7 {clearly preferred by the machine,
but there is nothing wrong with the move I made in the game}) 34... Ng3+ {
A last-ditch attempt, but White was ready to parry all the threats.} 35. hxg3
hxg3+ 36. Kg1 Qe7 37. Ra1 $1 {Important move - not only making way for the
king, but also controlling the a7-square.} ({It was not too late to go wrong
with} 37. Bg4 Qa7+ $1 38. Re3 Rh4 $1 {and Black gets a powerful attack.}) 37...
Qh4 (37... b4 38. Qe1 Qh4 39. Kf1 Rc8 40. Rc1 {and soon Black will realise
that a piece is a piece...}) 38. Kf1 b4 39. Qxe5 Rc8 40. Ke2 Rxc2+ 41. Rd2 (41.
Ke3 {was the shortest path, but I decided to keep it as simple as possible.})
41... Rxd2+ (41... Rc3 {could have led to a very amusing line.} 42. Ra8 {
and it is White who delivers mate!} Qg5 43. Qxc3 $1 bxc3 44. Rdd8 g6 45. e5 $3
{and Black has to give it all in ordeer not to get mated!}) 42. Kxd2 Rc6 43. f6
$1 {43.Ra2 was also enough, but that's the most convincing one.} Qh6+ (43... g6
44. Ra5 {and then Rc5. The point is that the checks from c1-h6 diagonal are
not dangerous now.}) 44. Kd1 Rxf6 45. Ke2 {And the rest doesn't require any
comments...} g5 46. Rh1 Qxh1 47. Qxf6 Qc1 48. Qxf7+ Kh6 49. Qf8+ Kh7 50. Qe7+
Kh6 51. Qd6+ Kh7 52. Qxb4 {This victory was critical for the outcome of the
match (Israel beat Latvia 2.5 : 1.5), and also from the purely chess point of
view, I liked it quite a bit. It seems to me, that the White's opening concept
puts a big question mark over Black's set-up. But only time will tell, if this
is true or not.} 1-0

[Event "Tilburg Fontys"]
[Site "Tilburg"]
[Date "1997.10.03"]
[Round "6"]
[White "Shirov, Alexei"]
[Black "Svidler, Peter"]
[Result "0-1"]
[WhiteElo "2700"]
[BlackElo "2660"]
[Annotator "Svidler,P"]
[PlyCount "70"]
[EventDate "1997.09.27"]
[EventType "tourn"]
[EventRounds "11"]
[EventCountry "NED"]
[EventCategory "17"]
[SourceTitle "CBM 061"]
[Source "ChessBase"]
[SourceDate "1997.11.23"]
[SourceVersion "1"]
[SourceVersionDate "1997.11.23"]
[SourceQuality "1"]

1. e4 {Ftacnik Lukin} c5 2. Nf3 e6 3. d4 cxd4 4. Nxd4 a6 5. Nc3 b5 6. Bd3 Qb6
7. Nb3 Qc7 8. f4 d6 $5 (8... Bb7 9. O-O Nf6 (9... d6 10. Qe2 Nd7 11. Bd2 Ngf6
12. a3 Be7 13. Rae1 e5 14. h3 O-O 15. fxe5 dxe5 16. Rf3 Bc6 17. g4 Rae8 18.
Ref1 Nb6 {Wang Zili-Yakovich,Y/ST Lee Cup 4th 1997/0-1 (46)}) 10. e5 b4 (10...
Nd5 11. Ne4 $14) 11. Ne2 (11. exf6 bxc3 12. Qe1 gxf6 13. bxc3 Rg8 $132) 11...
Nd5 (11... Qc6 12. Rf3) 12. Ng3 Be7 (12... Qb6+ $6 13. Kh1 Ne3 14. Bxe3 Qxe3
15. Nh5 $16) (12... d6 $5 13. Qe2 {/\ f5}) 13. Qe2 $14 {/\ 14.f5} g6 14. Ne4 (
14. Kh1 d6 $11) 14... Nc6 15. Kh1 a5 16. c4 bxc3 17. bxc3 f5 $6 (17... a4 $142)
18. exf6 Nxf6 19. Rb1 $2 (19. Nxf6+ Bxf6 20. f5 $1 gxf5 21. Rxf5 Be7 (21...
Bxc3 22. Bg5 $18) 22. Qh5+ Kd8 23. Bf4 $16) 19... Nxe4 20. Bxe4 Ba6 21. Bd3
Bxd3 22. Qxd3 O-O 23. Be3 Rab8 (23... Rf5 $5) 24. Nc5 $1 Rxb1 (24... Bxc5 25.
Bxc5 Rxf4 26. Bd6 $16) 25. Rxb1 Ne5 $1 $11 26. fxe5 Bxc5 27. Bxc5 (27. Qc4 Rc8
$15) 27... Qxc5 $11 28. Qxd7 Qxe5 29. h3 Qxc3 30. Qxe6+ {1/2:1/2
Lukin-Halifman, Russia (rapid) 1997}) 9. Qf3 Nd7 10. O-O Ngf6 11. Bd2 b4 $5 (
11... Be7 12. Rae1 Bb7 (12... O-O $2 13. e5 $1 Bb7 14. Qh3 dxe5 15. fxe5 Nxe5
16. Rxe5 Qxe5 17. Rxf6 $16) 13. Qh3 $14 (13. Qh3 {Ftacnik} b4 14. Nd1 d5 15. e5
Ne4 16. Be3 g6 17. Nf2 Ndc5 18. Nxc5 Nxc5 19. Bd4 O-O-O 20. Qe3 Kb8 21. c3 {
0-1 Hartman,C-Kengis,E/Karsten Kold op 1997 (40)})) (11... Bb7 {Ftacnik} 12. a4
b4 13. Nd1 Nc5 14. Nf2 $14) 12. Nd1 Bb7 13. Nf2 (13. Bxb4 $2 Qb6+) (13. Ne3 a5
$13) 13... a5 14. c3 $6 (14. g4 $5 Nb6 (14... h6 15. c3 $1 $14) (14... Nc5 15.
Bb5+ (15. Nxc5 Qxc5 16. Be3 Qc6 17. g5 Nd7 $13 18. Bd4 $6 e5 19. fxe5 dxe5 20.
Be3 Bc5 $11) 15... Bc6 (15... Nfd7 16. Nxc5 Qxc5 17. Bxd7+ Kxd7 18. c3 $16) 16.
e5 (16. Bxc6+ Qxc6 17. g5 Nfd7 18. Nd4 Qb7 $13) 16... Nd5 17. Bxc6+ Qxc6 $13)
15. g5 Nfd7 $13) (14. a3 $5 {Ftacnik} a4 (14... d5 15. axb4 Bxb4 16. Bxb4 axb4
17. e5 $16) (14... bxa3 15. Rxa3 a4 16. Rfa1 Nb6 17. Bb5+ $16) 15. Nd4 bxa3 16.
Nb5 Qc6 $14) 14... bxc3 15. Bxc3 Be7 16. Rac1 Qb6 $1 17. g4 $6 (17. Bd4 Qd8 $13
{/\ 18...e5, 18...a4} (17... Nc5 {Ftacnik} 18. Rc4 a4 19. Nxc5 dxc5 20. Be5 O-O
$14)) 17... a4 18. Bd4 (18. Nd4 Nc5 19. Bb5+ Nfd7 $13 20. b4 $6 axb3 21. axb3
Bf6 22. b4 $2 Nxe4 $1 $17) 18... Qd8 (18... Nc5 {Ftacnik} 19. Nxc5 dxc5 20. Bc3
O-O 21. g5 Nd7 $14) 19. Nd2 O-O 20. g5 Ne8 21. h4 (21. Qh5 $5 e5 22. Ng4 exd4
23. Rf3 g6 24. Qh6 f6 25. f5 (25. Rh3 Rf7 26. f5 (26. Bc4 d5 27. exd5 Nd6)
26... fxg5 27. fxg6 Rg7 28. Bc4+ d5 29. Bxd5+ Bxd5 30. gxh7+ Kh8 31. exd5 Nf8
$17) 25... Rf7 26. fxg6 Rg7 27. gxh7+ Kh8 28. g6 Ne5 $17) (21. Ng4 {Ftacnik} e5
22. Be3 exf4 23. Qxf4 Nc5 24. Bc4 Ne6 $15) 21... e5 22. Bc3 (22. fxe5 dxe5 (
22... Nxe5 {Ftacnik} 23. Qg3 f6 $132) 23. Be3 f5 $1 $36) 22... exf4 23. Qxf4
Ne5 $1 24. Bxe5 {The win of this pawn was clearly very risky, but black was
already threatening with the unpleasant opening of the position with f6.
Dieser Bauerngewinn war offensichlich sehr riskant, aber mit f6 hat schwarz
schon mit unangenehme Stellungsoffnung gedroht.} (24. Nf3 {Ftacnik} f6 $1 $15)
24... dxe5 25. Qxe5 Bd6 26. Qf5 (26. Qb5 Rb8 (26... Bf4 $6 27. Qxb7 Bxd2 28.
Rc2 Be3 29. Qd5) 27. Qxa4 $2 (27. e5 {Ftacnik} Be7 28. Qxa4 Bxg5 $17) 27... Bg3
$17) 26... g6 27. Qf3 (27. Qh3 Be5 $44) (27. Qg4 $5 {Ftacnik} Be5 28. Nc4 Bd4
29. Rcd1 f6 $15) 27... Be5 28. Nc4 (28. Ng4 $142 $5 Bd4+ (28... Bxb2 29. Qxf7+
$1 $18) (28... Bg7 $5) 29. Kh2 f5 30. Nh6+ Kh8 $44) 28... Bd4 29. Rcd1 $2 (29.
Ne3 Nd6 $1 $36 (29... f5 30. Bc4+ Kh8 31. Bd5 $14)) (29. Qg3 {Ftacnik} f6 $132)
29... f5 $1 $17 30. Be2 (30. Qe2 Qc7 31. Kg2 Ng7 $1 $17 {/\ Nh5}) (30. gxf6 {
Ftacnik} Nxf6 31. Qe2 Nh5 32. Qg4 Bc8 33. Qg5 Bh3 $17) 30... fxe4 31. Qg3 Ng7
$1 32. Qd6 (32. Nd6 Nf5 33. Nxf5 (33. Bc4+ {Ftacnik} Kh8 34. Qh2 Nxh4 35. Nxb7
Nf3+ 36. Kh1 Qc8 37. Qg3 Qxb7 $17) 33... Rxf5 $17) 32... Nf5 33. Qe6+ (33. Qxd8
{Ftacnik} Raxd8 34. Na5 Bd5 $19) 33... Kh8 34. Nd6 Qc7 $1 $19 (34... Qxd6 {
Ftacnik} 35. Qxd6 Nxd6 36. Rxd4 Nf5 37. Rd7 $13) 35. Nxf5 (35. Rxd4 {Ftacnik}
Nxd4 36. Qe5+ Qg7 $19) (35. Bg4 {Ftacnik} Rae8 $1 36. Nxe8 Qg3+ 37. Kh1 e3+ 38.
Ne4 Qxh4+ 39. Kg2 Qxg4+ 40. Kh2 e2 $19) 35... Rxf5 (35... Rxf5 36. Rxd4 Qg3+
37. Kh1 e3+ 38. Ne4 (38. Re4 {Ftacnik} exf2 $19) 38... Qh3+ 39. Kg1 Rxf1+ 40.
Bxf1 Qxe6 $19) 0-1

[Event "Groningen Festival"]
[Site "Groningen"]
[Date "1998.12.27"]
[Round "7"]
[White "Tiviakov, Sergei"]
[Black "Milov, Vadim"]
[Result "1/2-1/2"]
[WhiteElo "2655"]
[BlackElo "2640"]
[Annotator "Tiviakov,S"]
[PlyCount "57"]
[EventDate "1998.12.20"]
[EventType "tourn"]
[EventRounds "10"]
[EventCountry "NED"]
[EventCategory "16"]
[SourceTitle "CBM 069"]
[Source "ChessBase"]
[SourceDate "1999.04.01"]
[SourceVersion "1"]
[SourceVersionDate "1999.04.01"]
[SourceQuality "1"]

{[%mdl 65] [This game from the 7th round was one of the most interesting in
the whole tournament.]} 1. e4 c5 2. Nf3 e6 3. d4 cxd4 4. Nxd4 a6 5. Nc3 Qc7 6.
Bd3 Nc6 {[The choice of this variation by V.Milov could have easily been
predicted, since Paulsen had become the main weapon of Vadim against 1.e4.]} 7.
Nxc6 dxc6 8. O-O e5 9. f4 Nf6 10. Kh1 Bd6 11. f5 b5 {[The modern theory
assesses this variation to be in White's favour. In fact, it's correct, but
the position always remains very complex and difficult to play for both sides.]
} 12. a4 (12. Bg5 {is an alternative to 12.a4, which can sometimes lead to the
transposition of moves. After} Bb7 (12... Be7 13. a4 Bb7 $14 {is also possible,
but Black doesn't need to play 12...Be7 immediately.} 14. Qf3 h6 15. Be3 O-O
16. b3 Bb4 17. Nd1 c5 18. c3 c4 19. bxc4 bxc4 20. Bc2 Bc5 21. Nf2 Rab8 22. Rab1
Ba8 23. g4 Nd7 24. h4 Rxb1 25. Rxb1 Rb8 26. Rxb8+ Qxb8 27. Nd1 Bxe3 28. Qxe3
Kf8 {1/2-1/2 Mamadshoev,Marat-Nijboer,Friso/Yerevan (Armenia) 1996 (58)}) 13.
a4 Bc5 (13... Be7 {leads us to the position after 12...Be7 13.a4 Bb7.}) 14. Qe2
h5 $14 {White is better, although later he failed to convert the advantage
into something more realistic.} 15. Nd1 Rd8 16. Rf3 Qd6 17. Rh3 Qd4 18. Be3 Qd6
19. Bg5 Qd4 20. Qe1 Rd7 21. Be3 Qd6 22. Rg3 Bxe3 23. Nxe3 Qd4 24. Rxg7 Nxe4 25.
Rd1 Nf6 26. axb5 axb5 27. c3 Qf4 28. Rg3 e4 29. Bc2 Rxd1 30. Bxd1 {1/2-1/2
Tiviakov,Sergei-Miezis,Normunds/New York (USA) 1998. After that game an
improvement was prepared - 12.a4, which had been tested against the same
opponent 7 months later.}) 12... Bb7 $1 $146 {[Black doesn't afraid the
sacrifice on b5 and he is right. Although the arising position looks very
dangerous, White is not able to win. Even the clear way to advantage after the
sacrifice was not found either. After} (12... b4 $2 13. Nb1 $16 {White has a
large advantage due to the control over the square c4.} h5 (13... Bb7 14. Nd2
h5 15. Nc4 Bc5 16. a5 Ng4 17. Qe1 Rd8 18. Bg5 f6 19. Bd2 b3 20. Bc3 Bd4 21. h3
bxc2 22. Bxc2 Nh6 23. Qg3 Kf8 24. Nd2 c5 25. Nf3 Nf7 26. Rfe1 Nd6 27. Nh4 {
1-0 Milu,Romeo Sorin-Vasilescu,Lucian/Bucharest (Romania) 1992 (58)}) 14. Nd2
a5 15. Qe1 Bc5 16. Nf3 Kf8 17. b3 Bb7 18. Bb2 Re8 19. Qg3 Bd6 20. Rad1 Qe7 21.
Bc1 Bc5 22. Ng5 h4 23. Qh3 Kg8 24. Bc4 {1-0 Tiviakov,Sergei-Miezis,Normunds/
Port Erin (Isle of Man) 1998 (60)}) (12... Rb8 {is stronger than 12...b4, but
still this move is not necessary if Black can play 12...Bb7. The quick draw
was agreed in the following game:} 13. Be3 Qe7 14. Qf3 Nd7 15. Qh5 Nf6 16. Qg5
Kf8 17. Qh4 h6 18. g4 Kg8 19. Rg1 Bb7 20. g5 {1/2-1/2 Gallagher,Joseph
G-Dizdarevic,Emir/Suhr (Switzerland) 1990}) 13. axb5 $5 {[In the post-mortem
after my game with Miezis on the Isle of Man we failed to find the advantage
for White after the sacrifice, but still I was very eager to test it on
practice. Now I think White should play} (13. Qe2 $142 $14 {or}) (13. Bg5 $5 {
, transposing into 12.Bg5 Bb7 13.a4, keeping the better chances in both cases.}
) 13... axb5 (13... cxb5 14. Bxb5+ axb5 15. Rxa8+ Bxa8 {leads us to the same
position as 13...axb5 14.Rxa8 Bxa8 15.Bxb5 cxb5.}) 14. Rxa8+ Bxa8 15. Bxb5 cxb5
$8 {[Black has to take the bishop, since after} (15... Bb4 16. Nd5 $1 (16. Bd3
Bxc3 17. bxc3 O-O $14 {is not so bad for Black.}) 16... Nxd5 17. Qxd5 O-O 18.
Qc4 {White simply keeps the extra pawn, planning to meet} Qa5 {with} 19. Ba6
$18 {, followed by c3 or Qe2 and Bd3.} (19. Bxc6 $2 Rc8 {is impossible for
White.})) 16. Nxb5 Qc6 (16... Qc5 17. Qxd6 (17. Nxd6+ $2 Ke7 {is bad for White,
since he loses the kinght d6.}) 17... Qxb5 {leads us to the same position as
16...Qc6 17.Qxd6 Qxb5.}) 17. Qxd6 (17. Nxd6+ $2 Ke7 {is not possible.}) 17...
Qxb5 $8 {[The only move. The ending after} (17... Qxd6 18. Nxd6+ Ke7 19. Nc4
Bxe4 (19... Rc8 $2 20. Nb6 $18) 20. Nxe5 Bxc2 21. Bg5 $1 $16 {is very bad,
probably lost for Black.}) 18. Rd1 {[Stronger than} (18. c4 $6 Qd7 $5 19. Qxe5+
Qe7 (19... Kf8 $5 {is interesting.})) 18... Nd7 $8 {[Black doesn't have any
choice and has to make the only moves till the end of the game.]} 19. Bg5 f6 $8
20. Qe6+ (20. Bxf6 gxf6 21. Qe6+ {doesn't transpose into the text, since Black
has} Kf8 $1 {at his disposal, exploiting the weakness of the 1st line.}) 20...
Kd8 (20... Kf8 21. Qxd7 Qxd7 22. Rxd7 Ke8 23. Ra7 Bxe4 24. Be3 $16 {is bad for
Black.}) 21. c4 {[The critical position of the game. It took more than 1 hour
for the author to make this move. At first I was going to play 21.Bxf6+
immediately, but then became attracted by 21.c4, failing to notice the text
move 23...Kc7. After it was found, a lot of energy was wasted in the search of
the forced win. When it became clear that 21.c4 leads only to a draw, I had
less than 30 minutes till the time-control and was very exhausted by the
calculations. Very sharp and unclear position arises after} (21. Bxf6+ gxf6 $8
(21... Kc8 22. Bxg7 $18 {is lost for Black.}) 22. Qxf6+ Kc7 23. Qxh8 {. Here
Black has a choice between 23...Bxe4 and 23...Qe2. Even after the analysis
it's difficult to say which move is stronger. To illustrate here are some
variations:} Qe2 (23... Bxe4 $5 {(threatening 24...Bxg2+ 25.Kxg2 Qe2+)} 24. Qg8
(24. Qg7 Bxf5 $13) 24... Bxf5 $13 (24... Qe2 $5)) 24. Ra1 (24. Rc1 Bxe4 {
and 25...Bxf5.} (24... Qd2 $5 {and 25...Be4 also deserves attention.})) 24...
Bxe4 25. Qg7 (25. Qg8 Bxf5 $13) 25... Bxf5 $13 {White is not able to keep both
queen's side pawns alive.}) 21... Qc6 $8 {[Everything is forced. All other
moves lose. For example:} (21... Qa4 22. b3 Qc6 (22... Qa7 23. Be3) 23. Rd6 Re8
(23... Qb7 24. Be3 $18 {->} Kc8 $140 25. Rd5 Rd8 26. Rc5+ Kb8 27. Rb5) 24. Rxc6
Rxe6 25. Rxe6 fxg5 26. b4 {see the variation after 21...Qc6 22.Rd6 Re8 23.Rxc6
Rxe6 24.Rxe6 fxg5 25.b4.}) (21... Qb7 22. Be3 Kc8 (22... Re8 23. Bb6+ $18) 23.
Rd5 $1 $18) 22. Rd6 (22. Be3 {is met by} Kc7 {.}) 22... Qa4 $8 {[Black has
nothing else. E.g.} (22... Qb7 23. Be3 $18) (22... Qc7 23. Bxf6+ gxf6 24. Qxf6+
Kc8 25. Qxh8+ $16) (22... Re8 23. Rxc6 (23. Bxf6+ gxf6 24. Qxf6+ Re7 $8 {
is enough only for a draw:} 25. Qf8+ Re8 26. Qf6+ Re7 27. Qh8+ Re8 28. Qf6+ Re7
$11 {.}) 23... Rxe6 24. Rxe6 fxg5 25. b4 $1 Bxe4 26. c5 $16 {And because of
the connected passed pawns b4 and c5 White must win. For example,} Bxf5 27. Ra6
{(threatening 28.c6 Nb8 29.Ra8 and 30.b5)} Kc7 (27... Bd3 {loses after} 28. Rd6
$18 {and 29.c6.}) 28. b5 Nxc5 29. Rc6+) 23. Be3 Kc7 $8 24. b3 (24. Ra6 $2 {
is bad after} Qd1+ 25. Bg1 Bb7 {, followed by Ra8} (25... Bxe4 26. Ra7+ Bb7 {
and 27...Ra8 is also possible.})) 24... Qa1+ $8 25. Bg1 Rd8 $8 26. Rxd7+ {
[This is the simplest, but not the only way to force the draw.} (26. Ra6 {
is an alternative. E.g. after} Qd1 27. c5 $1 (27. Ra7+ Bb7 28. c5 (28. Qa6 Qxb3
) 28... Ra8 (28... Nxc5 $2 29. Qe7+ Nd7 30. Rxb7+ Kxb7 31. Qxd8 $16) (28... Qc2
29. Rxb7+ $5 (29. Qd6+ Kc8 30. Rxb7 Kxb7 31. Qd5+ $11) 29... Kxb7 30. Qd5+ $11
Kb8 31. Qd6+ Kc8 32. Qc6+ Kb8 33. Qd6+) 29. Rxb7+ Kxb7 30. c6+ Kc7 31. cxd7 Qd6
$5 (31... Qxd7 32. Qb6+ Kc8 33. Qc5+ Qc7 34. Qf8+ Qd8 (34... Kb7 35. Qb4+ $11)
35. Qc5+ Kd7 36. Qd5+ Kc7 $8 (36... Ke8 $4 37. Qe6+ $18 Kf8 (37... Qe7 38. Qc6+
) 38. Bc5+) 37. Qc5+ $11)) 27... Bxe4 28. Ra7+ (28. c6 $4 Bxg2+ 29. Kxg2 Qe2+
30. Kg3 Qxa6 $19) 28... Kb8 (28... Bb7 $4 29. c6) 29. c6 Bxg2+ $8 30. Kxg2 Qg4+
31. Kf1 Qd1+ 32. Kg2 Qg4+ $11 {it is Black who gives the perpetual check.})
26... Rxd7 27. Qb6+ Kc8 28. Qc5+ Kb8 {[Black can't escape from the checks. E.g.
} (28... Kd8 29. Qf8+ Kc7 30. Qc5+ Bc6 $140 31. Qb6+ $11) (28... Rc7 29. Qf8+
Kd7 30. Qf7+ Kd8 31. Qf8+ Kd7 32. Qf7+ Kc8 33. Qe8+ Kb7 34. Qb5+ $11) 29. Qb5+
{[And the draw was agreed here, bringing the end to a such an interesting game.
]} 1/2-1/2